<?xml version="1.0" encoding="UTF-8"?>
<record
    xmlns:xsi="http://www.w3.org/2001/XMLSchema-instance"
    xsi:schemaLocation="http://www.loc.gov/MARC21/slim http://www.loc.gov/standards/marcxml/schema/MARC21slim.xsd"
    xmlns="http://www.loc.gov/MARC21/slim">

  <leader>02911    a2200289   4500</leader>
  <controlfield tag="003">NALT</controlfield>
  <controlfield tag="005">20250818221439.0</controlfield>
  <controlfield tag="008">231115b        th ||||| |||| 00| 0 tha d</controlfield>
  <datafield tag="020" ind1=" " ind2=" ">
    <subfield code="a">9786165652537</subfield>
  </datafield>
  <datafield tag="040" ind1=" " ind2=" ">
    <subfield code="a">NALT</subfield>
  </datafield>
  <datafield tag="100" ind1="0" ind2=" ">
    <subfield code="a">&#xE1A;&#xE38;&#xE0D;&#xE23;&#xE48;&#xE27;&#xE21; &#xE40;&#xE17;&#xE35;&#xE22;&#xE21;&#xE08;&#xE31;&#xE19;&#xE17;&#xE23;&#xE4C;.</subfield>
    <subfield code="9">13028</subfield>
  </datafield>
  <datafield tag="245" ind1="1" ind2="0">
    <subfield code="a">108 &#xE27;&#xE34;&#xE18;&#xE35; &#xE15;&#xE34;&#xE14;&#xE04;&#xE38;&#xE01;-&#xE44;&#xE21;&#xE48;&#xE15;&#xE34;&#xE14;&#xE04;&#xE38;&#xE01; &#xE42;&#xE14;&#xE22;&#xE0A;&#xE2D;&#xE1A;&#xE14;&#xE49;&#xE27;&#xE22;&#xE01;&#xE0E;&#xE2B;&#xE21;&#xE32;&#xE22; (&#xE40;&#xE25;&#xE48;&#xE21; 2) /</subfield>
    <subfield code="b">&#xE40;&#xE23;&#xE35;&#xE22;&#xE1A;&#xE40;&#xE23;&#xE35;&#xE22;&#xE07;, &#xE1A;&#xE38;&#xE0D;&#xE23;&#xE48;&#xE27;&#xE21; &#xE40;&#xE17;&#xE35;&#xE22;&#xE21;&#xE08;&#xE31;&#xE19;&#xE17;&#xE23;&#xE4C;, &#xE28;&#xE23;&#xE31;&#xE0D;&#xE0D;&#xE32; &#xE27;&#xE34;&#xE0A;&#xE0A;&#xE32;&#xE18;&#xE23;&#xE23;&#xE21;.</subfield>
    <subfield code="h">[electronic resource]</subfield>
  </datafield>
  <datafield tag="260" ind1=" " ind2=" ">
    <subfield code="a">&#xE01;&#xE23;&#xE38;&#xE07;&#xE40;&#xE17;&#xE1E;&#xE2F; :</subfield>
    <subfield code="b">&#xE21;.&#xE1B;.&#xE1E;. ,</subfield>
    <subfield code="c">2562.</subfield>
  </datafield>
  <datafield tag="300" ind1=" " ind2=" ">
    <subfield code="a">Online resource</subfield>
  </datafield>
  <datafield tag="505" ind1="2" ind2=" ">
    <subfield code="a">&#xE40;&#xE21;&#xE37;&#xE48;&#xE2D;&#xE04;&#xE14;&#xE35;&#xE02;&#xE32;&#xE14;&#xE2D;&#xE32;&#xE22;&#xE38;&#xE04;&#xE27;&#xE32;&#xE21; &#xE04;&#xE19;&#xE2B;&#xE19;&#xE35;&#xE04;&#xE14;&#xE35;&#xE01;&#xE47;&#xE44;&#xE0A;&#xE42;&#xE22; --
&#xE2B;&#xE49;&#xE32;&#xE21;&#xE1F;&#xE49;&#xE2D;&#xE07;&#xE01;&#xE48;&#xE2D;&#xE19;&#xE2A;&#xE2D;&#xE1A;&#xE2A;&#xE27;&#xE19; --
&#xE17;&#xE33;&#xE2D;&#xE22;&#xE48;&#xE32;&#xE07;&#xE44;&#xE23; &#xE08;&#xE36;&#xE07;&#xE08;&#xE30;&#xE43;&#xE2B;&#xE49;&#xE28;&#xE32;&#xE25;&#xE23;&#xE2D;&#xE2D;&#xE32;&#xE0D;&#xE32; --
&#xE40;&#xE0A;&#xE47;&#xE04;&#xE40;&#xE14;&#xE49;&#xE07; &#xE17;&#xE33;&#xE44;&#xE21;&#xE44;&#xE21;&#xE48;&#xE15;&#xE34;&#xE14;&#xE04;&#xE38;&#xE01; --
&#xE23;&#xE2D;&#xE14;&#xE04;&#xE38;&#xE01; &#xE40;&#xE1E;&#xE23;&#xE32;&#xE30;&#xE16;&#xE2D;&#xE19;&#xE1F;&#xE49;&#xE2D;&#xE07; &#xE16;&#xE2D;&#xE19;&#xE2D;&#xE38;&#xE17;&#xE18;&#xE23;&#xE13;&#xE4C; &#xE16;&#xE2D;&#xE19;&#xE33;&#xE35;&#xE01;&#xE32; --
&#xE01;&#xE0E;&#xE2B;&#xE21;&#xE32;&#xE22;&#xE43;&#xE2B;&#xE49;&#xE2D;&#xE33;&#xE19;&#xE32;&#xE08;&#xE43;&#xE2B;&#xE49;&#xE17;&#xE33;&#xE44;&#xE14;&#xE49; &#xE16;&#xE49;&#xE32;&#xE17;&#xE33;&#xE44;&#xE21;&#xE48;&#xE14;&#xE35;&#xE21;&#xE35;&#xE2A;&#xE34;&#xE17;&#xE18;&#xE34;&#xE15;&#xE34;&#xE14;&#xE04;&#xE38;&#xE01; --
&#xE01;&#xE23;&#xE30;&#xE17;&#xE33;&#xE15;&#xE32;&#xE21;&#xE04;&#xE33;&#xE2A;&#xE31;&#xE48;&#xE07;&#xE02;&#xE2D;&#xE07;&#xE40;&#xE08;&#xE49;&#xE32;&#xE1E;&#xE19;&#xE31;&#xE01;&#xE07;&#xE32;&#xE19; &#xE1C;&#xE39;&#xE49;&#xE01;&#xE23;&#xE30;&#xE17;&#xE33;&#xE08;&#xE30;&#xE21;&#xE35;&#xE04;&#xE27;&#xE32;&#xE21;&#xE1C;&#xE34;&#xE14;&#xE2B;&#xE23;&#xE37;&#xE2D;&#xE44;&#xE21;&#xE48; --
&#xE04;&#xE27;&#xE32;&#xE21;&#xE22;&#xE34;&#xE19;&#xE22;&#xE2D;&#xE21;&#xE17;&#xE33;&#xE43;&#xE2B;&#xE49;&#xE23;&#xE2D;&#xE14;&#xE04;&#xE38;&#xE01;.</subfield>
  </datafield>
  <datafield tag="520" ind1=" " ind2=" ">
    <subfield code="a">&#xE2B;&#xE19;&#xE31;&#xE07;&#xE2A;&#xE37;&#xE2D;&#xE40;&#xE25;&#xE48;&#xE21;&#xE19;&#xE35;&#xE49; &#xE43;&#xE2B;&#xE49;&#xE04;&#xE27;&#xE32;&#xE21;&#xE23;&#xE39;&#xE49;&#xE40;&#xE23;&#xE37;&#xE48;&#xE2D;&#xE07;&#xE01;&#xE0E;&#xE2B;&#xE21;&#xE32;&#xE22;&#xE40;&#xE21;&#xE37;&#xE48;&#xE2D;&#xE21;&#xE35;&#xE04;&#xE14;&#xE35; &#xE40;&#xE1B;&#xE47;&#xE19;&#xE04;&#xE39;&#xE48;&#xE21;&#xE37;&#xE2D;&#xE2A;&#xE39;&#xE49;&#xE04;&#xE14;&#xE35; &#xE42;&#xE14;&#xE22;&#xE0A;&#xE2D;&#xE1A;&#xE14;&#xE49;&#xE27;&#xE22;&#xE01;&#xE0E;&#xE2B;&#xE21;&#xE32;&#xE22;&#xE40;&#xE1E;&#xE37;&#xE48;&#xE2D;&#xE0A;&#xE48;&#xE27;&#xE22;&#xE40;&#xE2B;&#xE25;&#xE37;&#xE2D;&#xE01;&#xE23;&#xE13;&#xE35;&#xE40;&#xE21;&#xE37;&#xE48;&#xE2D;&#xE15;&#xE01;&#xE40;&#xE1B;&#xE47;&#xE19;&#xE1C;&#xE39;&#xE49;&#xE15;&#xE49;&#xE2D;&#xE07;&#xE2B;&#xE32;&#xE2B;&#xE23;&#xE37;&#xE2D;&#xE08;&#xE33;&#xE40;&#xE25;&#xE22; &#xE0A;&#xE48;&#xE27;&#xE22;&#xE43;&#xE2B;&#xE49;&#xE44;&#xE14;&#xE49;&#xE23;&#xE31;&#xE1A;&#xE2D;&#xE34;&#xE2A;&#xE23;&#xE30;&#xE20;&#xE32;&#xE1E;&#xE42;&#xE14;&#xE22;&#xE44;&#xE21;&#xE48;&#xE15;&#xE49;&#xE2D;&#xE07;&#xE40;&#xE2A;&#xE35;&#xE22;&#xE40;&#xE07;&#xE34;&#xE19; &#xE42;&#xE14;&#xE22;&#xE2B;&#xE25;&#xE31;&#xE01;&#xE01;&#xE0E;&#xE2B;&#xE21;&#xE32;&#xE22;&#xE21;&#xE35;&#xE2D;&#xE22;&#xE39;&#xE48;&#xE27;&#xE48;&#xE32; &#xE17;&#xE38;&#xE01;&#xE04;&#xE19;&#xE1A;&#xE23;&#xE34;&#xE2A;&#xE38;&#xE17;&#xE18;&#xE34;&#xE4C;&#xE08;&#xE19;&#xE01;&#xE27;&#xE48;&#xE32;&#xE08;&#xE30;&#xE1E;&#xE34;&#xE2A;&#xE39;&#xE08;&#xE19;&#xE4C;&#xE44;&#xE14;&#xE49;&#xE27;&#xE48;&#xE32;&#xE40;&#xE02;&#xE32;&#xE44;&#xE14;&#xE49;&#xE01;&#xE23;&#xE30;&#xE17;&#xE33;&#xE1C;&#xE34;&#xE14;&#xE08;&#xE23;&#xE34;&#xE07;.</subfield>
  </datafield>
  <datafield tag="650" ind1=" " ind2="4">
    <subfield code="9">4283</subfield>
    <subfield code="a">&#xE01;&#xE23;&#xE30;&#xE1A;&#xE27;&#xE19;&#xE01;&#xE32;&#xE23;&#xE22;&#xE38;&#xE15;&#xE34;&#xE18;&#xE23;&#xE23;&#xE21;&#xE17;&#xE32;&#xE07;&#xE2D;&#xE32;&#xE0D;&#xE32;</subfield>
  </datafield>
  <datafield tag="650" ind1=" " ind2="4">
    <subfield code="9">14937</subfield>
    <subfield code="a">&#xE01;&#xE32;&#xE23;&#xE1E;&#xE34;&#xE08;&#xE32;&#xE23;&#xE13;&#xE32;&#xE41;&#xE25;&#xE30;&#xE15;&#xE31;&#xE14;&#xE2A;&#xE34;&#xE19;&#xE04;&#xE14;&#xE35;</subfield>
  </datafield>
  <datafield tag="650" ind1=" " ind2="4">
    <subfield code="9">14865</subfield>
    <subfield code="a">&#xE01;&#xE32;&#xE23;&#xE2A;&#xE2D;&#xE1A;&#xE2A;&#xE27;&#xE19;&#xE04;&#xE14;&#xE35;&#xE2D;&#xE32;&#xE0D;&#xE32;</subfield>
    <subfield code="z">&#xE44;&#xE17;&#xE22;</subfield>
  </datafield>
  <datafield tag="650" ind1=" " ind2="4">
    <subfield code="9">10284</subfield>
    <subfield code="a">&#xE04;&#xE27;&#xE32;&#xE21;&#xE1C;&#xE34;&#xE14;&#xE17;&#xE32;&#xE07;&#xE2D;&#xE32;&#xE0D;&#xE32;</subfield>
  </datafield>
  <datafield tag="700" ind1="0" ind2=" ">
    <subfield code="a">&#xE28;&#xE23;&#xE31;&#xE0D;&#xE0D;&#xE32; &#xE27;&#xE34;&#xE0A;&#xE0A;&#xE32;&#xE18;&#xE23;&#xE23;&#xE21;.</subfield>
    <subfield code="9">32309</subfield>
  </datafield>
  <datafield tag="850" ind1=" " ind2=" ">
    <subfield code="a">NALT</subfield>
  </datafield>
  <datafield tag="856" ind1="4" ind2="0">
    <subfield code="u">https://ebook.parliament.go.th/ebookall/detail/431717</subfield>
    <subfield code="z">E-Book</subfield>
  </datafield>
  <datafield tag="942" ind1=" " ind2=" ">
    <subfield code="2">lcc</subfield>
    <subfield code="c">EBK</subfield>
  </datafield>
  <datafield tag="996" ind1=" " ind2=" ">
    <subfield code="a">jamriang.p</subfield>
    <subfield code="b">CATSTF	</subfield>
    <subfield code="c">2023-11-15</subfield>
  </datafield>
  <datafield tag="999" ind1=" " ind2=" ">
    <subfield code="c">102536</subfield>
    <subfield code="d">102536</subfield>
  </datafield>
  <datafield tag="998" ind1=" " ind2=" ">
    <subfield code="j">25</subfield>
    <subfield code="k"> &#xE19;&#xE35;&#xE25;&#xE27;&#xE31;&#xE2A;&#xE19;&#xE4C; &#xE2D;&#xE34;&#xE19;&#xE17;&#xE23;&#xE31;&#xE01;&#xE29;&#xE32;</subfield>
  </datafield>
  <datafield tag="952" ind1=" " ind2=" ">
    <subfield code="0">0</subfield>
    <subfield code="1">0</subfield>
    <subfield code="2">lcc</subfield>
    <subfield code="4">0</subfield>
    <subfield code="7">0</subfield>
    <subfield code="8">CERS</subfield>
    <subfield code="a">NALT</subfield>
    <subfield code="b">NALT</subfield>
    <subfield code="c">ONLINE</subfield>
    <subfield code="d">2023-09-29</subfield>
    <subfield code="e">191</subfield>
    <subfield code="r">2023-09-29 00:00:00</subfield>
    <subfield code="y">EBK</subfield>
  </datafield>
</record>
